Linguistics / (رقم التسجيلة. 39941)
[ عرض عادي ]
| 000 -الفاتح | |
|---|---|
| حقل البيانات ثابتة الطول | 01038cam a2200277 a 4500 |
| 001 - رقم الضبط | |
| رقم الضبط | 36386677 |
| 003 - محدد رقم الضبط | |
| رقم الضبط | OSt |
| 005 - وقت وتاريخ اخر تعامل مع التسجيلة | |
| رقم الضبط | 20161205101109.0 |
| 008 - عناصر البيانات ثابتة الطول - معلومات عامة | |
| حقل البيانات ثابتة الطول | 970131s1996 enka b 000 0 eng d |
| 015 ## - رقم الببليوجرافية الوطنية | |
| رقم الببليوجرافية الوطنية | GB97-12750 |
| 020 ## - الرقم الدولى المعيارى للكتب | |
| الرقم الدولى المعيارى للكتاب | 0194372065 (pbk) |
| 020 ## - الرقم الدولى المعيارى للكتب | |
| الرقم الدولى المعيارى للكتاب | 9780194372060 |
| 040 ## - مصدر الفهرسة | |
| وكالة الفهرسة الأصلية | UKM |
| وكالة النسخ | UKM |
| وكالة التعديل | TAI |
| -- | OCL |
| -- | TJC |
| 082 04 - رقم تصنيف ديوى العشرى | |
| رقم التصنيف | 410 |
| رقم الطبعة | 21 |
| رقم المادة | WHL |
| 090 ## - رقم الضبط المحلى | |
| رقم تصنيف (OCLC) (R) ;رقم تصنيف, CALL (RLIN) (NR) | P123 |
| كتر محلي OCLC رقم كتاب / رقم طلب غير مقسم,رقم RLIN( غير مكرر) | .W53 1996 |
| 100 1# - المدخل الرئيسى - إسم شخصى | |
| الإسم الشخصى | Widdowson, H. G. |
| 9 (RLIN) | 9719 |
| 245 10 - بيان العنوان | |
| العنوان | Linguistics / |
| بيان المسئوليه,etc | H.G. Widdowson. |
| 260 ## - PUBLICATION, DISTRIBUTION, ETC. (IMPRINT) | |
| مكان الناشر او الموزع | Oxford ; |
| -- | New York : |
| اسم الناشر او الموزع | Oxford University Press, |
| تاريخ النشر أو التوزيع | 1996. |
| 300 ## - الوصف المادى | |
| التعداد | xiii, 134 p. : |
| تفاصيل ماديه اخرى للوعاء | ill. ; |
| أبعاد الوعاء | 20 cm. |
| 490 1# - بيان السلسلة | |
| عنوان السلسلة | Oxford introductions to language study |
| 504 ## - تبصرة ببليوجرافية | |
| تبصرة ببليوجرافية,الخ | Includes bibliographical references (p. 115-123). |
| 505 0# - تبصرة محتويات-الفهرس | |
| تبصرة المحتويات المصاغة | The nature of language -- The scope of linguistics -- Principles and levels of analysis -- Areas of enquiry : focus on form -- Areas of enquiry : focus on meaning -- Current issues. |
| 650 #0 - المدخل الاضافى بالموضوع-مصطلح موضوعى | |
| مصطلح موضوعي أو اسم جغرافي كعنصر مدخل | Linguistics |
| التقسيم الفرعي الشكلي | Handbooks, manuals, etc. |
| 9 (RLIN) | 57104 |
| 830 #0 - المدخل الاضافى بالسلسلة -عنوان موحد | |
| عنوان موحد | Oxford introductions to language study. |
| 9 (RLIN) | 46072 |
| 942 ## - عناصر المدخل الإضافي( كوها) | |
| مصدر التصنيف او مخطط الترفيف | Dewey Decimal Classification |
| Koha [default] item type | كتاب |
| حالة الفقد | نموذج السعر الفعال | حالة تلف | ليس للاعارة | رقم الطلب | تاريخ الاكتساب | الموقع الحالي | الباركود | الفرع الرئيسي | Date last seen | نوع المادة فى نظام كوها | مصدر التصنيف او خطة الترفيف | Total Checkouts | Date last checked out |
|---|---|---|---|---|---|---|---|---|---|---|---|---|---|
| 2016-12-17 | 410 WHL | 2016-12-17 | المكتبة المركزية بالمجمعة (CL) | 00655384 | المكتبة المركزية بالمجمعة (CL) | 2016-12-17 | كتاب | Dewey Decimal Classification | |||||
| 2016-12-17 | 410 WHL | 2016-12-17 | المكتبة المركزية بالمجمعة (CL) | 00655385 | المكتبة المركزية بالمجمعة (CL) | 2016-12-17 | كتاب | Dewey Decimal Classification | |||||
| 2016-12-17 | 410 WHL | 2016-12-17 | المكتبة المركزية بالمجمعة (CL) | 00655386 | المكتبة المركزية بالمجمعة (CL) | 2016-12-17 | كتاب | Dewey Decimal Classification | |||||
| 2016-12-17 | 410 WHL | 2016-12-17 | مكتبة كلية التمريض - طلاب (CNM) | 00655537 | مكتبة كلية التمريض - طلاب (CNM) | 2019-05-22 | كتاب | Dewey Decimal Classification | 1 | 2018-10-14 | |||
| 2016-12-17 | 410 WHL | 2016-12-17 | مكتبة كلية التمريض - طلاب (CNM) | 00655538 | مكتبة كلية التمريض - طلاب (CNM) | 2016-12-17 | كتاب | Dewey Decimal Classification | |||||
| 2022-12-14 | Not For Loan | 410 WHL | 2022-12-14 | مكتبة مجمع الكليات بالزلفى - طلاب (SZM) | 00270367 | مكتبة مجمع الكليات بالزلفى - طلاب (SZM) | 2022-12-14 | كتاب | Dewey Decimal Classification |
